Statistics for Davis cup champions

Click here to take the quiz!

General Stats

  • This quiz has been taken 144 times
    (43 since last reset)
  • The average score is 13 of 15

Answer Stats

Hint Answer % Correct
32United states
100%
9France
100%
28Australia
97%
10Great britain
97%
5Spain
95%
3Czech republic
92%
1Argentina
92%
1Serbia
92%
7Sweden
89%
2Russia
89%
3Germany
86%
1Italy
86%
1Switzerland
84%
1Croatia
81%
1South Africa
59%

Score Distribution

Percentile by Number Answered

Percent of People with Each Score

Your Score History

You have not taken this quiz since the last reset